| 000 | 00435nam a22001817a 4500 | ||
|---|---|---|---|
| 003 | NUST | ||
| 020 | _a9788131727249 | ||
| 038 | _aKhadija | ||
| 082 |
_a621.3815 _bTOC |
||
| 100 |
_aTocci, Ronald J. _966452 |
||
| 245 |
_aDigital Systems : _bPrinciples and Applications / |
||
| 250 | _a10th ed. | ||
| 260 |
_aNew Delhi : _bPearson, _c2011. |
||
| 300 |
_a848 p. ; _b28 cm. |
||
| 500 | _aPaperback. | ||
| 563 | _aPB | ||
| 942 |
_cBK _2ddc |
||
| 999 |
_c33468 _d33468 |
||